| 000 | 01242cam a2200301 a 4500 | ||
|---|---|---|---|
| 001 | 000014275 | ||
| 005 | 20200929163543.0 | ||
| 008 | 830701s1995 pe ac b 001 0 spa d | ||
| 035 | _a(OCoLC)9664087 | ||
| 040 |
_aDO-SdBNP _cFMFIU _dOCoLC _dDLC |
||
| 043 | _as-pe--- | ||
| 082 |
_a330.985 _bM333s, 1995 |
||
| 100 | 1 |
_aMariátegui, José Carlos, _d1894-1930. _927837 |
|
| 245 | 1 | 0 |
_a7 ensayos de interpretación de la realidad peruana / _cJosé Carlos Mariátegui. |
| 246 | 3 | _aSiete ensayos de interpretación de la realidad peruana. | |
| 250 | _a62a ed. | ||
| 260 |
_aLima : _bAmauta, _c1995. |
||
| 300 |
_av. : _bil., retrs. ; _c17 cm. |
||
| 490 | 1 | _aBiblioteca amauta | |
| 500 | _aConsta de artículos ya publicados en "Mundial" y "Amanta". cf. Pref | ||
| 504 | _aIncluye referencias bibliográficas al pie de las páginas. | ||
| 505 | 0 | _av. 1 Esquema de la evolución económica -- El problema del indio -- El problema de la tierra -- El proceso de la instrucción publica -- El factor religioso -- Regionalismo y centralismo. | |
| 651 | 4 |
_aPerú _xCondiciones Económicas _932235 |
|
| 651 | 4 |
_aPerú _aPolítica Y Gobierno _932236 |
|
| 830 | 0 |
_aBiblioteca amauta ; _932237 |
|
| 910 | _aCatalogación derivada | ||
| 049 | _aBNGR | ||
| 999 |
_c13871 _d13871 |
||